000
00271nam a22001217a 4500
008
170908b xxu||||| |||| 00| 0 eng d
041
_a
ger
080
_a
91
100
_a
42
101
_a
GJEO
245
_a
HARENBERG KOMPAKTLEXIKON IN 5 BANDEN
_c
SAN,M
942
_2
udc
_c
BK
999
_c
26822
_d
26822